One Woman Show A Novel (Record no. 3433)

MARC details
000 -LEADER
fixed length control field 00346nam a22001337a 4500
008 - FIXED-LENGTH DATA ELEMENTS--GENERAL INFORMATION
fixed length control field 250513b |||||||| |||| 00| 0 eng d
020 ## - INTERNATIONAL STANDARD BOOK NUMBER
ISBN 9780241659908
100 ## - MAIN ENTRY--AUTHOR
Author Coulson Christine
245 ## - TITLE STATEMENT
Title One Woman Show A Novel
260 ## - PUBLICATION, DISTRIBUTION, ETC. (IMPRINT)
Place of publication Dublin
Name of publisher Particular Books
Date of publication 2023
650 ## - TRACINGS
Main Subject Womanhood
Subdivision (1st) Ownership
942 ## - ADDED ENTRY ELEMENTS (KOHA)
Item type Books
050 ## - LIBRARY OF CONGRESS CALL NUMBER
Classification number PS3603.O885
Item number .O54
Holdings
Source of classification or shelving scheme Not for loan Permanent location Current location Date acquired Accession No. Full call number Barcode. Koha item type
Library of Congress Classification   Samuel Ogbemudia Main Library, University of Abuja Samuel Ogbemudia Main Library, University of Abuja 05/13/2025 2024/63556 PS3603.O885.O54 2025-1899 Books